[Event "Internationaal Jeugdtoernooi Limburg 1"]
[Site "Maastricht"]
[Date "1995.07.06"]
[Round "2"]
[White "Hoogendoorn, Joost"]
[Black "Dambacher, Martijn"]
[Result "1-0"]
[WhiteElo "2242"]
[BlackElo "2055"]
[PlyCount "31"]
[EventDate "1995.07.06"]
[EventType "swiss"]
[EventRounds "7"]
[EventCountry "NED"]
[Source "P.Boonen"]
[SourceDate "2009.01.01"]

1. e4 c5 2. Nf3 e6 3. c3 d5 4. e5 Nc6 5. d4 Qb6 6. a3 c4 7. Nbd2 Nge7 8. Bxc4
dxc4 9. Nxc4 Qc7 10. Nd6+ Kd7 11. Nxf7 Rg8 12. O-O b6 13. d5 exd5 14. Bf4 Ke8
15. Nd6+ Kd8 16. Ng5 1-0

[Event "Internationaal Jeugdtoernooi Limburg 1"]
[Site "Maastricht"]
[Date "1995.07.06"]
[Round "2"]
[White "Huberty, Marc"]
[Black "Kouwenhoven, Marisca"]
[Result "1-0"]
[WhiteElo "2125"]
[BlackElo "1958"]
[PlyCount "73"]
[EventDate "1995.07.06"]
[EventType "swiss"]
[EventRounds "7"]
[EventCountry "NED"]
[Source "P.Boonen"]
[SourceDate "2009.01.01"]

1. e4 c5 2. Nc3 e6 3. Nge2 a6 4. g3 Nc6 5. Bg2 g6 6. d4 cxd4 7. Nxd4 Bg7 8. Nb3
Nf6 9. O-O O-O 10. f4 d6 11. a4 Qc7 12. a5 b6 13. axb6 Qxb6+ 14. Kh1 Rd8 15.
Qe2 d5 16. e5 Nd7 17. Be3 Qc7 18. Qf2 Bb7 19. Na4 Rdb8 20. Nbc5 d4 21. Bxd4
Nxd4 22. Nxb7 Rxb7 23. Qxd4 Bf8 24. Qd2 Rc8 25. Bxb7 Qxb7+ 26. Qg2 Qxg2+ 27.
Kxg2 Rxc2+ 28. Rf2 Rc6 29. Rd2 Nb6 30. Nxb6 Rxb6 31. Rc1 a5 32. Rc7 Rb3 33. Kh3
Bb4 34. Rd8+ Kg7 35. Rdd7 Rxb2 36. Rxf7+ Kg8 37. Rg7+ 1-0

[Event "Internationaal Jeugdtoernooi Limburg 1"]
[Site "Maastricht"]
[Date "1995.07.06"]
[Round "2"]
[White "Kerstens, Dennis"]
[Black "Kroeze, Frank"]
[Result "1/2-1/2"]
[WhiteElo "2087"]
[BlackElo "2386"]
[PlyCount "44"]
[EventDate "1995.07.06"]
[EventType "swiss"]
[EventRounds "7"]
[EventCountry "NED"]
[Source "P.Boonen"]
[SourceDate "2009.01.01"]

1. e4 e5 2. Nf3 Nf6 3. Nxe5 d6 4. Nxf7 Kxf7 5. d4 c5 6. c3 g6 7. Bd3 Bg7 8. O-O
Re8 9. Bg5 Qb6 10. Nd2 cxd4 11. Nc4 Qc5 12. Bf4 dxc3 13. Nxd6+ Kf8 14. Rc1 Nh5
15. Qf3 Ke7 16. Nxe8 Kxe8 17. e5 Nxf4 18. Rxc3 Nxd3 19. Qxd3 Bf5 20. Qxf5 gxf5
21. Rxc5 Nc6 22. Rd1 Rd8 1/2-1/2

[Event "Internationaal Jeugdtoernooi Limburg 1"]
[Site "Maastricht"]
[Date "1995.07.06"]
[Round "2"]
[White "Middelburg, Tom"]
[Black "Van Prooijen, Jan Willem"]
[Result "1-0"]
[WhiteElo "1953"]
[BlackElo "2110"]
[PlyCount "57"]
[EventDate "1995.07.06"]
[EventType "swiss"]
[EventRounds "7"]
[EventCountry "NED"]
[Source "P.Boonen"]
[SourceDate "2009.01.01"]

1. e4 d6 2. d4 Nf6 3. Nc3 g6 4. Be3 c6 5. Qd2 b5 6. f3 Bg7 7. O-O-O Qc7 8. g4
h5 9. g5 Nfd7 10. f4 Nb6 11. Nf3 Nc4 12. Bxc4 bxc4 13. Nh4 O-O 14. f5 Kh7 15.
Ne2 c5 16. Nf4 cxd4 17. Bxd4 Bxd4 18. Qxd4 Nc6 19. Qxc4 Qb6 20. fxg6+ fxg6 21.
Nhxg6 Ba6 22. Nxf8+ Rxf8 23. g6+ Kh6 24. g7 Kxg7 25. Rhg1+ Kh7 26. Qc3 Ne5 27.
Qh3 d5 28. Qxh5+ Qh6 29. Qxh6+ 1-0

[Event "Internationaal Jeugdtoernooi Limburg 1"]
[Site "Maastricht"]
[Date "1995.07.06"]
[Round "2"]
[White "Mueller, Alexander"]
[Black "Van Elmpt, Wouter"]
[Result "1-0"]
[WhiteElo "1850"]
[BlackElo "1550"]
[PlyCount "81"]
[EventDate "1995.07.06"]
[EventType "swiss"]
[EventRounds "7"]
[EventCountry "NED"]
[Source "P.Boonen"]
[SourceDate "2009.01.01"]

1. d4 Nf6 2. c4 e5 3. dxe5 Ng4 4. Nf3 Nc6 5. Bf4 Bb4+ 6. Nbd2 Qe7 7. e3 Ngxe5
8. Nxe5 Nxe5 9. a3 Bxd2+ 10. Qxd2 d6 11. Be2 O-O 12. O-O Be6 13. Qc3 f6 14.
Rac1 b6 15. b4 c5 16. bxc5 bxc5 17. Rfd1 Rad8 18. Rd2 Rd7 19. a4 Rfd8 20. a5
Bf7 21. Rb2 d5 22. Bxe5 fxe5 23. cxd5 Rxd5 24. h3 Qg5 25. Bf3 e4 26. Bxe4 Re5
27. f4 Qg3 28. fxe5 Be6 29. Rd2 Rf8 30. Rf1 Re8 31. Bd5 Bxd5 32. Rxd5 h6 33.
Qxc5 Rb8 34. Rd7 Rb2 35. Qf8+ Kh7 36. Qf5+ Qg6 37. Qxg6+ Kxg6 38. Rff7 Re2 39.
Rxg7+ Kf5 40. Rxa7 Kxe5 41. Kf1 1-0

[Event "Internationaal Jeugdtoernooi Limburg 1"]
[Site "Maastricht"]
[Date "1995.07.06"]
[Round "2"]
[White "Pater, Evelien"]
[Black "Croonenborghs, Tom"]
[Result "1/2-1/2"]
[WhiteElo "1874"]
[BlackElo "2118"]
[PlyCount "75"]
[EventDate "1995.07.06"]
[EventType "swiss"]
[EventRounds "7"]
[EventCountry "NED"]
[Source "P.Boonen"]
[SourceDate "2009.01.01"]

1. e4 e6 2. d4 d5 3. exd5 exd5 4. Nf3 Nc6 5. Bb5 a6 6. Ba4 Bg4 7. c3 Bd6 8. O-O
Nge7 9. Re1 O-O 10. Bg5 f6 11. Bh4 Nf5 12. Bg3 Nxg3 13. hxg3 Re8 14. Nbd2 Qd7
15. Qb3 Rab8 16. Rxe8+ Qxe8 17. Qxd5+ Be6 18. Qxe6+ Qxe6 19. Bb3 Qxb3 20. Nxb3
Re8 21. Re1 Rxe1+ 22. Nxe1 Kf7 23. Nd3 b6 24. Kf1 Ke6 25. Ke2 g5 26. g4 Ne7 27.
c4 Ng8 28. d5+ Kd7 29. Nd4 Nh6 30. f3 Nf7 31. Ke3 Bf8 32. b3 Nd8 33. g3 Kd6 34.
Ke4 Kd7 35. f4 Nf7 36. Ne6 Be7 37. Nd4 Bf8 38. Ne6 1/2-1/2

[Event "Internationaal Jeugdtoernooi Limburg 1"]
[Site "Maastricht"]
[Date "1995.07.06"]
[Round "2"]
[White "Peek, Maurice"]
[Black "Schreiber, Christophe"]
[Result "1/2-1/2"]
[WhiteElo "2115"]
[BlackElo "1950"]
[PlyCount "37"]
[EventDate "1995.07.06"]
[EventType "swiss"]
[EventRounds "7"]
[EventCountry "NED"]
[Source "P.Boonen"]
[SourceDate "2009.01.01"]

1. e4 d5 2. exd5 Qxd5 3. Nc3 Qa5 4. d4 Nf6 5. Bd2 c6 6. Bc4 Bf5 7. Nge2 Nbd7 8.
O-O e6 9. Re1 Be7 10. d5 cxd5 11. Nxd5 Qd8 12. Nxe7 Qxe7 13. Bf4 Qc5 14. Qd4
O-O 15. Bd6 Qxd4 16. Nxd4 Rfc8 17. Bb3 Bg6 18. c3 a5 19. a4 1/2-1/2

[Event "Internationaal Jeugdtoernooi Limburg 1"]
[Site "Maastricht"]
[Date "1995.07.06"]
[Round "2"]
[White "Renette, Hans"]
[Black "Roobol, Martin"]
[Result "0-1"]
[WhiteElo "2071"]
[BlackElo "2275"]
[PlyCount "58"]
[EventDate "1995.07.06"]
[EventType "swiss"]
[EventRounds "7"]
[EventCountry "NED"]
[Source "P.Boonen"]
[SourceDate "2009.01.01"]

1. d4 Nf6 2. Nf3 e6 3. g3 d5 4. Bg2 Bd6 5. O-O O-O 6. c4 c6 7. Qc2 Nbd7 8. Rd1
Ne4 9. Ne5 f5 10. f4 Ndf6 11. e3 g5 12. Nd2 Bd7 13. c5 Bc7 14. Nxe4 Nxe4 15.
Bxe4 fxe4 16. Qe2 Be8 17. Qg4 Rf5 18. Bd2 Bxe5 19. fxe5 Bg6 20. Qe2 Rf3 21. Rf1
Bh5 22. Rxf3 Bxf3 23. Qf1 Qe7 24. Be1 Rf8 25. Bf2 Qf7 26. Qe1 h5 27. Qd2 Qf5
28. Rf1 Bg4 29. Re1 Qf3 0-1

[Event "Internationaal Jeugdtoernooi Limburg 1"]
[Site "Maastricht"]
[Date "1995.07.06"]
[Round "2"]
[White "Schilperoort, Jeroen"]
[Black "Hoehensteiger, Patrick"]
[Result "1/2-1/2"]
[WhiteElo "1620"]
[BlackElo "1868"]
[PlyCount "52"]
[EventDate "1995.07.06"]
[EventType "swiss"]
[EventRounds "7"]
[EventCountry "NED"]
[Source "P.Boonen"]
[SourceDate "2009.01.01"]

1. e4 c5 2. Nf3 d6 3. d4 cxd4 4. Nxd4 Nf6 5. Nc3 g6 6. Be2 Bg7 7. Be3 O-O 8.
Qd2 Nc6 9. O-O-O Bd7 10. f3 Rc8 11. g4 Ne5 12. h4 h5 13. g5 Nh7 14. f4 Nc4 15.
Bxc4 Rxc4 16. f5 b5 17. f6 exf6 18. Ndxb5 Bg4 19. Rdf1 fxg5 20. hxg5 Qa5 21.
Qxd6 a6 22. Bb6 Qb4 23. Qxb4 Rxb4 24. Bc5 Rxb5 25. Bxf8 Bxf8 26. Nxb5 axb5
1/2-1/2

[Event "Internationaal Jeugdtoernooi Limburg 1"]
[Site "Maastricht"]
[Date "1995.07.06"]
[Round "2"]
[White "Smeets, Christophe"]
[Black "Segers, Stefan"]
[Result "0-1"]
[WhiteElo "1933"]
[BlackElo "1684"]
[PlyCount "75"]
[EventDate "1995.07.06"]
[EventType "swiss"]
[EventRounds "7"]
[EventCountry "NED"]
[Source "P.Boonen"]
[SourceDate "2009.01.01"]

1. d4 Nf6 2. c4 g6 3. g3 Bg7 4. Bg2 d6 5. e4 O-O 6. Ne2 Nc6 7. O-O e5 8. d5 Ne7
9. Nbc3 Nh5 10. f4 f5 11. h3 Bd7 12. exf5 gxf5 13. fxe5 Bxe5 14. Qd3 Ng6 15.
Qf3 Ng7 16. Nf4 Qf6 17. Bd2 Rae8 18. Kh1 a6 19. Rac1 Re7 20. b3 b6 21. Nce2
Rfe8 22. h4 Nxf4 23. Nxf4 Bd4 24. Rfe1 Re4 25. Qd3 Rxe1+ 26. Rxe1 Rxe1+ 27.
Bxe1 Be5 28. Ne2 Nh5 29. Qf3 Be8 30. Bh3 Bg6 31. Bd2 Ng7 32. Bg5 Qf7 33. Kg2
Bf6 34. Bh6 Be5 35. Nf4 a5 36. Bxg7 Bxf4 37. Bd4 Bh6 38. a3 0-1

[Event "Internationaal Jeugdtoernooi Limburg 1"]
[Site "Maastricht"]
[Date "1995.07.06"]
[Round "2"]
[White "Strijbos, Maarten"]
[Black "Kipper, Jens"]
[Result "1-0"]
[WhiteElo "2276"]
[BlackElo "2088"]
[PlyCount "80"]
[EventDate "1995.07.06"]
[EventType "swiss"]
[EventRounds "7"]
[EventCountry "NED"]
[Source "P.Boonen"]
[SourceDate "2009.01.01"]

1. e4 e6 2. d4 d5 3. e5 c5 4. c3 Nc6 5. Nf3 Qb6 6. Bd3 cxd4 7. cxd4 Bd7 8. O-O
Nxd4 9. Nxd4 Qxd4 10. Qe2 Ne7 11. Nc3 a6 12. Be3 Qxe5 13. f4 Qd6 14. f5 e5 15.
Rad1 d4 16. f6 Ng6 17. Ne4 Qb6 18. Bg5 Be6 19. Kh1 Nf4 20. Bxf4 exf4 21. Rc1 g6
22. Bc4 Bh6 23. Bxe6 Qxe6 24. Qf2 f3 25. gxf3 Bxc1 26. Rxc1 O-O 27. Qd2 Qf5 28.
Kg2 Qh5 29. Qf4 h6 30. Rc5 g5 31. Nxg5 Rac8 32. Re5 Rfe8 33. Qe4 Qxg5+ 34.
Rxg5+ hxg5 35. Qg4 Re2+ 36. Kg3 Rxb2 37. Qxg5+ Kf8 38. Qg7+ Ke8 39. Qg8+ Kd7
40. Qxf7+ Kc6 1-0

[Event "Internationaal Jeugdtoernooi Limburg 1"]
[Site "Maastricht"]
[Date "1995.07.06"]
[Round "2"]
[White "Van Nieuwenborg, Alwin"]
[Black "Van Gils, Philip"]
[Result "1-0"]
[WhiteElo "1906"]
[BlackElo "1619"]
[PlyCount "123"]
[EventDate "1995.07.06"]
[EventType "swiss"]
[EventRounds "7"]
[EventCountry "NED"]
[Source "P.Boonen"]
[SourceDate "2009.01.01"]

1. e4 c5 2. Nc3 d6 3. g3 Nf6 4. Bg2 g6 5. Nge2 Nc6 6. d3 Bg7 7. Bg5 a6 8. Qd2
Bd7 9. O-O Qc7 10. h3 O-O 11. f4 Ne8 12. g4 e6 13. f5 f6 14. Bh4 Ne5 15. Bg3
Rd8 16. Nf4 Bh6 17. Qe2 Bxf4 18. Bxf4 Bc8 19. Rae1 Qb6 20. Na4 Qa5 21. b3 b5
22. Bd2 Qc7 23. Nb2 Bd7 24. c3 Nc6 25. Qf2 e5 26. fxg6 hxg6 27. g5 f5 28. exf5
Bxf5 29. Qh4 Ne7 30. Rf3 Ng7 31. Nd1 Rf7 32. Nf2 Rdf8 33. Ng4 Bxg4 34. Rxf7
Rxf7 35. hxg4 Ne6 36. Rf1 Rxf1+ 37. Kxf1 Qa5 38. Qf2 Qxa2 39. Qf6 Qxb3 40. Qxe7
Qd1+ 41. Be1 Qxd3+ 42. Kg1 Qe3+ 43. Bf2 Qc1+ 44. Kh2 Qf4+ 45. Bg3 Qxg4 46. Qe8+
Kg7 47. Qd7+ Kg8 48. Qxd6 Qh5+ 49. Kg1 Qg4 50. Qxe5 Qf5 51. Qxf5 gxf5 52. Bd5
Kf7 53. Bd6 c4 54. Bb4 Kg6 55. Bxe6 Kxg5 56. Bc8 Kf4 57. Kf2 a5 58. Bxa5 Ke5
59. Ba6 Kd5 60. Bxb5 f4 61. Kf3 Kc5 62. Ba6 1-0

[Event "Internationaal Jeugdtoernooi Limburg 1"]
[Site "Maastricht"]
[Date "1995.07.06"]
[Round "2"]
[White "Vrancken, Gilbert"]
[Black "Van Haastert, Edwin"]
[Result "0-1"]
[WhiteElo "1744"]
[BlackElo "2242"]
[PlyCount "82"]
[EventDate "1995.07.06"]
[EventType "swiss"]
[EventRounds "7"]
[EventCountry "NED"]
[Source "P.Boonen"]
[SourceDate "2009.01.01"]

1. d4 Nf6 2. Bg5 Ne4 3. h4 d5 4. Nd2 Nxd2 5. Qxd2 h6 6. Bf4 Bf5 7. e3 e6 8. Nf3
Nd7 9. Ne5 Be7 10. Rc1 Nf6 11. h5 Ne4 12. Qd1 c6 13. c3 a5 14. Bd3 a4 15. O-O
O-O 16. f3 Nf6 17. g4 Bxd3 18. Qxd3 c5 19. Rf2 Nh7 20. Rh2 c4 21. Qc2 a3 22. b3
cxb3 23. Qxb3 Bg5 24. Bxg5 Qxg5 25. f4 Qe7 26. Rb1 Rfc8 27. Qxb7 Qxb7 28. Rxb7
Rxc3 29. Nxf7 Rxe3 30. Ne5 Re1+ 31. Kf2 Rd1 32. Nc6 Nf6 33. Kf3 Rf1+ 34. Kg3
Ne4+ 35. Kh4 Rxf4 36. Ne7+ Kh7 37. Ng6 Rf1 38. Re7 Rb8 39. Rxe6 Rb2 40. Rh3 Rb8
41. Re5 Ng5 0-1

[Event "Internationaal Jeugdtoernooi Limburg 1"]
[Site "Maastricht"]
[Date "1995.07.06"]
[Round "2"]
[White "Wuts, Frank"]
[Black "Driessens, Patrick"]
[Result "0-1"]
[WhiteElo "2262"]
[BlackElo "2085"]
[PlyCount "54"]
[EventDate "1995.07.06"]
[EventType "swiss"]
[EventRounds "7"]
[EventCountry "NED"]
[Source "P.Boonen"]
[SourceDate "2009.01.01"]

1. d4 Nf6 2. Nc3 d5 3. e4 e6 4. e5 Ne4 5. Nxe4 dxe4 6. c3 c5 7. Bb5+ Bd7 8.
Bxd7+ Qxd7 9. Ne2 Nc6 10. Be3 cxd4 11. Bxd4 Nxd4 12. Qxd4 Qxd4 13. Nxd4 O-O-O
14. O-O-O Rd5 15. Rhe1 Rxe5 16. f4 Rd5 17. Rxe4 Bc5 18. Nxe6 fxe6 19. Rc4 Rhd8
20. Rxd5 Rxd5 21. b4 b5 22. Rxc5+ Rxc5 23. bxc5 Kd7 24. Kc2 Kc6 25. Kd3 Kxc5
26. a3 Kd5 27. g4 g6 0-1

[Event "Internationaal Jeugdtoernooi Limburg 1"]
[Site "Maastricht"]
[Date "1995.07.07"]
[Round "3"]
[White "Abeln, Michiel"]
[Black "Strijbos, Maarten"]
[Result "1/2-1/2"]
[WhiteElo "2115"]
[BlackElo "2276"]
[PlyCount "77"]
[EventDate "1995.07.06"]
[EventType "swiss"]
[EventRounds "7"]
[EventCountry "NED"]
[Source "P.Boonen"]
[SourceDate "2009.01.01"]

1. e4 c5 2. Nf3 Nc6 3. d4 cxd4 4. Nxd4 g6 5. c4 Bg7 6. Be3 Nf6 7. Nc3 d6 8. f3
O-O 9. Be2 Bd7 10. Qd2 Nxd4 11. Bxd4 Bc6 12. O-O a5 13. Rac1 Nd7 14. Rfd1 Nc5
15. Nd5 Bxd4+ 16. Qxd4 e5 17. Qf2 Bxd5 18. Rxd5 Qc7 19. g3 b6 20. Qe3 Ne6 21.
f4 f6 22. b3 Nd4 23. Bg4 Kg7 24. Kg2 Rad8 25. h4 Nc6 26. h5 a4 27. bxa4 Ra8 28.
Bd1 Ra5 29. Bb3 Rc5 30. hxg6 hxg6 31. Rh1 Rg8 32. f5 g5 33. Qe2 Rxd5 34. exd5
Nd4 35. Qh5 Kf8 36. a5 bxa5 37. Ba4 Qf7 38. Qh6+ Qg7 39. Qh5 1/2-1/2

[Event "Internationaal Jeugdtoernooi Limburg 1"]
[Site "Maastricht"]
[Date "1995.07.07"]
[Round "3"]
[White "Buch, Thomas"]
[Black "Van Gils, Philip"]
[Result "1-0"]
[WhiteElo "1921"]
[BlackElo "1619"]
[PlyCount "41"]
[EventDate "1995.07.06"]
[EventType "swiss"]
[EventRounds "7"]
[EventCountry "NED"]
[Source "P.Boonen"]
[SourceDate "2009.01.01"]

1. e4 c5 2. Nc3 d6 3. g3 Nf6 4. Bg2 Nc6 5. d3 Qc7 6. f4 e6 7. Nf3 Bd7 8. O-O
Rc8 9. h3 Be7 10. Ne2 O-O 11. g4 Rfd8 12. Ng3 Be8 13. f5 Nd7 14. g5 d5 15. Qe1
dxe4 16. Qxe4 e5 17. Qg4 Nd4 18. f6 Bxf6 19. Nxd4 exd4 20. gxf6 g6 21. Ne4 1-0

[Event "Internationaal Jeugdtoernooi Limburg 1"]
[Site "Maastricht"]
[Date "1995.07.07"]
[Round "3"]
[White "Croonenborghs, Tom"]
[Black "De Rijck, Johan"]
[Result "1/2-1/2"]
[WhiteElo "2118"]
[BlackElo "1699"]
[PlyCount "42"]
[EventDate "1995.07.06"]
[EventType "swiss"]
[EventRounds "7"]
[EventCountry "NED"]
[Source "P.Boonen"]
[SourceDate "2009.01.01"]

1. e4 g6 2. d4 Bg7 3. Be3 d6 4. f3 Nc6 5. Qd2 Nf6 6. c4 O-O 7. Nc3 Nd7 8. g4 e5
9. d5 Nd4 10. Nce2 a6 11. h4 h5 12. gxh5 gxh5 13. Ng3 Qf6 14. O-O-O Qg6 15. Nf5
Nxf5 16. exf5 Qxf5 17. Bd3 e4 18. Bxe4 Qe5 19. Ne2 Nc5 20. Bd4 Nxe4 21. fxe4
Qxe4 1/2-1/2

[Event "Internationaal Jeugdtoernooi Limburg 1"]
[Site "Maastricht"]
[Date "1995.07.07"]
[Round "3"]
[White "Dambacher, Martijn"]
[Black "Holtackers, Daan"]
[Result "1-0"]
[WhiteElo "2055"]
[BlackElo "1736"]
[PlyCount "65"]
[EventDate "1995.07.06"]
[EventType "swiss"]
[EventRounds "7"]
[EventCountry "NED"]
[Source "P.Boonen"]
[SourceDate "2009.01.01"]

1. Nc3 d5 2. e4 dxe4 3. Nxe4 e6 4. d4 Be7 5. Nf3 Nf6 6. Bd3 Nbd7 7. Qe2 b6 8.
Ne5 Nxe5 9. dxe5 Nd7 10. Bf4 a6 11. O-O-O Bb7 12. Qg4 Kf8 13. h4 Qc8 14. Rh3 h5
15. Qe2 Nc5 16. Nxc5 Bxc5 17. g4 g6 18. Rg3 Be7 19. gxh5 gxh5 20. Bg5 Bxg5+ 21.
Rxg5 Ke7 22. Rxh5 Rxh5 23. Qxh5 Qg8 24. Qh6 Qh8 25. Qg5+ f6 26. exf6+ Qxf6 27.
Qg3 Rd8 28. Qxc7+ Rd7 29. Qxb6 Bd5 30. Kb1 Rb7 31. Qc5+ Kf7 32. b3 Qf3 33. Rg1
1-0

[Event "Internationaal Jeugdtoernooi Limburg 1"]
[Site "Maastricht"]
[Date "1995.07.07"]
[Round "3"]
[White "De Blecourt, Sandra"]
[Black "Cohen, Jaap"]
[Result "1-0"]
[WhiteElo "1877"]
[BlackElo "1600"]
[PlyCount "67"]
[EventDate "1995.07.06"]
[EventType "swiss"]
[EventRounds "7"]
[EventCountry "NED"]
[Source "P.Boonen"]
[SourceDate "2009.01.01"]

1. d4 Nf6 2. c4 c5 3. d5 e6 4. Nc3 exd5 5. cxd5 d6 6. e4 g6 7. h3 Bg7 8. Nf3
O-O 9. Be3 Re8 10. Nd2 Na6 11. Be2 Nc7 12. a4 a6 13. O-O Rb8 14. a5 b5 15. axb6
Rxb6 16. Qc2 Nb5 17. Nc4 Rb8 18. Bd3 Bf8 19. Rfd1 Nd7 20. Na5 Qb6 21. Nc6 Nxc3
22. bxc3 Ra8 23. Rdb1 Qc7 24. f4 Bb7 25. Qa4 Bxc6 26. Qxc6 Rec8 27. Rb7 Qxc6
28. dxc6 Nb8 29. c7 Nc6 30. Rxa6 Rxa6 31. Bxa6 Ne7 32. Ra7 Re8 33. Bb5 Rc8 34.
Bd7 1-0

[Event "Internationaal Jeugdtoernooi Limburg 1"]
[Site "Maastricht"]
[Date "1995.07.07"]
[Round "3"]
[White "De Heer, Machiel"]
[Black "Pater, Evelien"]
[Result "1/2-1/2"]
[WhiteElo "2140"]
[BlackElo "1874"]
[PlyCount "109"]
[EventDate "1995.07.06"]
[EventType "swiss"]
[EventRounds "7"]
[EventCountry "NED"]
[Source "P.Boonen"]
[SourceDate "2009.01.01"]

1. e4 e6 2. d4 d5 3. Nc3 Bb4 4. e5 c5 5. a3 Ba5 6. b4 cxd4 7. Nb5 Bc7 8. f4 Nc6
9. Nf3 Nge7 10. Bd3 a6 11. Nbxd4 Bd7 12. Qe2 Qc8 13. Be3 Nxd4 14. Nxd4 Nc6 15.
Nf3 Na7 16. a4 b5 17. a5 Bd8 18. O-O Be7 19. Rab1 Nc6 20. c3 g6 21. g4 h5 22.
h3 Qb7 23. Bb6 Bd8 24. Bd4 Be7 25. Bb6 Bd8 26. Bc5 Be7 27. Bxe7 Nxe7 28. Ng5
hxg4 29. hxg4 Bc6 30. Rf2 Qa7 31. Kg2 d4+ 32. Kg3 Nd5 33. Ne4 O-O-O 34. cxd4
Qxd4 35. Nd6+ Kb8 36. Qe4 Rh3+ 37. Kxh3 Qxf2 38. Nxf7 Nxf4+ 39. Qxf4 Qxf4 40.
Nxd8 Qf3+ 41. Kh4 Qxd3 42. Nxc6+ Kb7 43. Rc1 g5+ 44. Kh5 Qh3+ 45. Kg6 Qxg4 46.
Rc5 Qf5+ 47. Kg7 g4 48. Nd8+ Kb8 49. Nf7 g3 50. Nd6 Qg4+ 51. Kf7 g2 52. Rc8+
Ka7 53. Rc7+ Kb8 54. Rc8+ Ka7 55. Rc7+ 1/2-1/2

[Event "Internationaal Jeugdtoernooi Limburg 1"]
[Site "Maastricht"]
[Date "1995.07.07"]
[Round "3"]
[White "Driessens, Patrick"]
[Black "Hoogendoorn, Joost"]
[Result "1-0"]
[WhiteElo "2085"]
[BlackElo "2242"]
[PlyCount "41"]
[EventDate "1995.07.06"]
[EventType "swiss"]
[EventRounds "7"]
[EventCountry "NED"]
[Source "P.Boonen"]
[SourceDate "2009.01.01"]

1. d4 Nf6 2. c4 c5 3. d5 b5 4. cxb5 a6 5. Nc3 axb5 6. e4 b4 7. Nb5 d6 8. Bc4 b3
9. Qxb3 Nbd7 10. Nf3 Nxe4 11. O-O Ba6 12. Re1 Bxb5 13. Bxb5 Nef6 14. Bf4 Qc7
15. Nd2 Nh5 16. Bxd6 Qxd6 17. Nc4 Qb8 18. Bxd7+ Kxd7 19. Qh3+ Ke8 20. Qxh5 g6
21. Qe2 1-0

[Event "Internationaal Jeugdtoernooi Limburg 1"]
[Site "Maastricht"]
[Date "1995.07.07"]
[Round "3"]
[White "Halmans, Paul"]
[Black "Schilperoort, Jeroen"]
[Result "1-0"]
[WhiteElo "1700"]
[BlackElo "1620"]
[PlyCount "79"]
[EventDate "1995.07.06"]
[EventType "swiss"]
[EventRounds "7"]
[EventCountry "NED"]
[Source "P.Boonen"]
[SourceDate "2009.01.01"]

1. e4 e5 2. Nf3 Nc6 3. Bb5 a6 4. Ba4 Nf6 5. d3 d6 6. h3 Be7 7. c3 O-O 8. O-O
Bd7 9. Nbd2 Re8 10. Re1 h6 11. Nf1 Qc8 12. Ng3 Bf8 13. Nh4 b5 14. Bb3 Ne7 15.
Be3 c5 16. Qe2 a5 17. a3 Ra6 18. Rac1 Qa8 19. f4 b4 20. f5 bxa3 21. bxa3 Rb8
22. Ba2 Rab6 23. Nh5 Nxh5 24. Qxh5 d5 25. Bxc5 Rb2 26. Bxe7 Rxa2 27. f6 Bxe7
28. fxe7 Rbb2 29. Qxe5 g5 30. Qg3 Kh7 31. Nf5 Rxg2+ 32. Qxg2 Rxg2+ 33. Kxg2
dxe4 34. Rxe4 Bc6 35. Rce1 Bxe4+ 36. Rxe4 Qc8 37. Nd6 Qxc3 38. e8=Q Qxd3 39.
Qxf7+ Kh8 40. Re8# 1-0

[Event "Internationaal Jeugdtoernooi Limburg 1"]
[Site "Maastricht"]
[Date "1995.07.07"]
[Round "3"]
[White "Hoehensteiger, Patrick"]
[Black "Hendriks, Mathijs"]
[Result "1-0"]
[WhiteElo "1868"]
[BlackElo "1550"]
[PlyCount "33"]
[EventDate "1995.07.06"]
[EventType "swiss"]
[EventRounds "7"]
[EventCountry "NED"]
[Source "P.Boonen"]
[SourceDate "2009.01.01"]

1. d4 d5 2. c4 e6 3. Nc3 Nf6 4. Bg5 Be7 5. Nf3 Nbd7 6. e3 b6 7. cxd5 exd5 8.
Ne5 Bb7 9. Bb5 O-O 10. Bc6 Bxc6 11. Nxc6 Qe8 12. Nxe7+ Qxe7 13. Nxd5 Qe4 14.
Nf4 Rfe8 15. O-O c5 16. Bxf6 gxf6 17. Qg4+ 1-0

[Event "Internationaal Jeugdtoernooi Limburg 1"]
[Site "Maastricht"]
[Date "1995.07.07"]
[Round "3"]
[White "Jurrissen, Remy"]
[Black "Smeets, Christophe"]
[Result "0-1"]
[WhiteElo "1750"]
[BlackElo "1933"]
[PlyCount "78"]
[EventDate "1995.07.06"]
[EventType "swiss"]
[EventRounds "7"]
[EventCountry "NED"]
[Source "P.Boonen"]
[SourceDate "2009.01.01"]

1. b3 d5 2. Bb2 Bf5 3. Nf3 e6 4. e3 Nf6 5. c4 Be7 6. Nc3 h6 7. Be2 O-O 8. O-O
c5 9. d4 dxc4 10. Bxc4 Nc6 11. d5 exd5 12. Bxd5 Nxd5 13. Nxd5 Bd6 14. Rc1 b6
15. Rc4 Be6 16. e4 Nb4 17. Kh1 b5 18. Nxb4 bxc4 19. Nc6 Qc7 20. Na5 cxb3 21.
Nxb3 Bg4 22. e5 Be7 23. Qd5 Rab8 24. Qd2 Rfd8 25. Qc3 Qb7 26. Ba1 Qb5 27. Qe1
Rb6 28. Nbd2 Qd3 29. h3 Bh5 30. Qc1 Ra6 31. Qb2 Bxf3 32. gxf3 Qxd2 33. Qb7 Qd3
34. Rg1 Bg5 35. h4 Qf5 36. Rg3 Rxa2 37. Bb2 Bxh4 38. Qb3 Bxg3 39. fxg3 Qh5+ 0-1

[Event "Internationaal Jeugdtoernooi Limburg 1"]
[Site "Maastricht"]
[Date "1995.07.07"]
[Round "3"]
[White "Kipper, Jens"]
[Black "Vrancken, Gilbert"]
[Result "1-0"]
[WhiteElo "2088"]
[BlackElo "1744"]
[PlyCount "76"]
[EventDate "1995.07.06"]
[EventType "swiss"]
[EventRounds "7"]
[EventCountry "NED"]
[Source "P.Boonen"]
[SourceDate "2009.01.01"]

1. d4 Nf6 2. c4 g6 3. Nc3 Bg7 4. e4 d6 5. Nf3 O-O 6. Be2 e5 7. O-O Nc6 8. d5
Ne7 9. Nd2 Ne8 10. b4 f5 11. c5 f4 12. a4 Kh8 13. Ba3 Ng8 14. Nc4 Ngf6 15. a5
Rg8 16. b5 Bf8 17. b6 a6 18. Rc1 g5 19. bxc7 Qxc7 20. cxd6 Qg7 21. Nxe5 Nxd6
22. Bb2 Qh6 23. Ng4 Nxg4 24. Bxg4 Bg7 25. Re1 Nc4 26. Ba1 Bxg4 27. Qxg4 Ne5 28.
Qd1 f3 29. Na4 g4 30. Rc7 fxg2 31. Rxg7 Qxg7 32. Nb6 Raf8 33. Nd7 Re8 34. Nxe5
Rxe5 35. Bxe5 Qxe5 36. Qa1 Qxa1 37. Rxa1 Re8 38. Re1 Kg7 1-0

[Event "Internationaal Jeugdtoernooi Limburg 1"]
[Site "Maastricht"]
[Date "1995.07.07"]
[Round "3"]
[White "Kouwenhoven, Marisca"]
[Black "Spaapen, Robbert"]
[Result "1-0"]
[WhiteElo "1958"]
[BlackElo "1550"]
[PlyCount "51"]
[EventDate "1995.07.06"]
[EventType "swiss"]
[EventRounds "7"]
[EventCountry "NED"]
[Source "P.Boonen"]
[SourceDate "2009.01.01"]

1. e4 e5 2. Nf3 Nc6 3. Bc4 Bc5 4. c3 Nf6 5. d4 exd4 6. cxd4 Bb4+ 7. Nc3 O-O 8.
e5 Ne4 9. O-O Nxc3 10. bxc3 d5 11. exd6 Bxd6 12. Bd3 Bg4 13. Rb1 Rb8 14. h3 Be6
15. c4 Nb4 16. Ng5 Nxd3 17. Qxd3 g6 18. Nxe6 fxe6 19. Qe4 Qf6 20. c5 Be7 21.
Rxb7 Rxb7 22. Qxb7 Qxd4 23. Be3 Qe5 24. Qxa7 Rf7 25. a4 c6 26. Qa8+ 1-0